000
00315nam a2200109Ia 4500
008
220204s9999 xx 000 0 und d
082
_a
NR:62:628.31
_b
ISA
100
_a
Isa, Zaid
245
0
_a
Manual of laboratory methods for chemical analysis of rubber effluent
260
_a
Kuala Lumpur
_b
RRIM
_c
1980
942
_c
REF
999
_c
35331
_d
35331